000 00557cam a2200169 a 4500
001 000001926
005 20200929145747.0
008 800213s1963 ch 000 0ceng
040 _aDO-SdBNP
_bspa
_cBNPHU
082 _a920.051249
_bG578m
100 1 _aGoddard, W. G.
_q(William G.)
_96250
245 1 4 _aThe makers of Taiwan :
_blectures to student Groups in Britain /
_cW. G. Goddard.
260 _aTaipei, China :
_bChina Pubublishing,
_c[1963?].
300 _a163 p. ;
_c21 cm.
651 4 _aTaiwan
_xBiografía
_96251
910 _aCatalogación por copia / LC
999 _c1792
_d1792